| 000 | 01416nam a22003857a 4500 | ||
|---|---|---|---|
| 003 | CHAP | ||
| 005 | 20220329141153.0 | ||
| 008 | 971010s1970 r 00010 d | ||
| 010 | _a63801 | ||
| 011 | _a64773 | ||
| 035 | _a70889 | ||
| 040 | _cCHAP | ||
| 090 | _aTesis | ||
| 100 | 0 | 0 |
_aBermejo Suaste, Carlos Manuel. _911842 |
| 245 | 1 | _aProyecto de financiamiento ganadero ejidal; grupo solidario Huay Pix, territorio de Quintana Roo | |
| 260 |
_aChapingo, Méx. : _bEl autor, _c1970 |
||
| 300 | _a99 h. ilus. | ||
| 502 | _aTesis (Ing. Agrónomo Esp. en Zootecnia) -- ENA. Departamento de Zootecnia | ||
| 590 |
_aALEPH _b10 _c20130110 _lUCH01 _h1347 |
||
| 590 |
_aBATCH-UPD _b10 _c20130109 _lUCH01 _h2320 |
||
| 590 |
_aBATCH-UPD _b10 _c20130110 _lUCH01 _h0525 |
||
| 590 |
_aBATCH-UPD _b10 _c20130110 _lUCH01 _h2343 |
||
| 590 |
_aBATCH-UPD _b10 _c20130410 _lUCH01 _h0204 |
||
| 590 |
_aBATCH-UPD _b10 _c20130913 _lUCH01 _h2020 |
||
| 590 |
_aCONVERSION _b10 _c20130109 _lUCH01 _h1334 |
||
| 650 | 1 | 4 |
_aAgricultura _xAspectos económicos _xQuintana Roo. _91289 |
| 650 | 1 | 4 |
_aAgricultura _xAspectos económicos _xQuintana Roo. _91289 |
| 650 | 1 | 4 |
_aCrédito agrícola _xQuintana Roo. _929076 |
| 650 | 1 | 4 |
_aEjidos ganaderos _xQuintana Roo. _936062 |
| 710 | 0 |
_aENA. Departamento de Zootecnia. _936706 |
|
| 901 | _aBK | ||
| 942 | _cFOLL | ||
| 949 |
_bBC _cTES _d-51480 _eTS1 _i70889 _si |
||
| 949 |
_bBC _cTES _d-51481 _eTS2 _fc.2 _i70889 _si |
||
| 999 |
_c63801 _d63801 |
||